000 02055cam a2200493 a 4500
001 4924031
003 OSt
005 20140310184439.0
008 950216s1996 nyua j b 000 0aeng
010 _a 95009752
020 _a0590381962
020 _a9780590381963
040 _aDLC
_cDLC
_dDLC
042 _alcac
043 _ae-gx---
_ae-ne---
050 0 0 _aDS 135.G5
_b.P451 1996
100 1 _aPerl, Lila.
_913470
245 1 0 _aFour perfect pebbles :
_ba Holocaust story /
_cLila Perl and Marion Blumenthal Lazan.
250 _a1st ed.
260 _aNew York :
_bGreenwillow Books,
_c1996.
300 _a130 p. :
_bill. ;
_c24 cm.
521 _aG9
526 _c1080
600 1 0 _aLazan, Marion Blumenthal
_xChildhood and youth
_xJuvenile literature.
_927413
600 1 1 _aLazan, Marion Blumenthal
_xChildhood and youth.
_927414
610 2 0 _aWesterbork (Concentration camp)
_xJuvenile literature.
_927415
610 2 0 _aBergen-Belsen (Concentration camp)
_xJuvenile literature.
_927416
650 0 _aJews
_zGermany
_xBiography
_xJuvenile literature.
_927417
650 0 _aHolocaust, Jewish (1939-1945)
_xPersonal narratives
_xJuvenile literature.
_927418
650 1 _aJews
_zGermany
_xBiography.
_927419
650 1 _aHolocaust, Jewish (1939-1945)
_xPersonal narratives.
_927420
651 0 _aGermany
_xBiography
_xJuvenile literature.
_927421
651 1 _aWesterbork (Netherlands : Concentration camp)
_913480
651 1 _aBergen-Belsen (Germany : Concentration camp)
_913481
700 1 _aLazan, Marion Blumenthal.
_913482
856 4 2 _3Publisher description
_uhttp://www.loc.gov/catdir/description/hc044/95009752.html
856 4 2 _3Contributor biographical information
_uhttp://www.loc.gov/catdir/enhancements/fy0911/95009752-b.html
906 _a7
_bcbc
_corignew
_d1
_eocip
_f19
_gy-gencatlg
942 _2lcc
_cBK-SCHOLAS
999 _c34446
_d34446